Space True or False - Statistics

General Stats
  • This quiz has been taken 286 times
  • The average score is 10 of 15
Answer Stats
Question Answer % Correct
Space was born 13.8 billion years ago. True
81%
Pluto is a gas giant. False
78%
Our galaxy is called the Super Rover. False
78%
Uranus has rings around it. True
78%
There are less than 1 billion stars in space. False
75%
The Earth is in the centre of the Universe. False
75%
The Sun is the only sun in the Universe. False
73%
Neutron stars can spin 600 times per second. True
68%
A full NASA space suit costs $1,200. False
64%
Jupiter has 79 moons (NASA 2020). True
64%
One day on Venus is longer than a year on Venus. True
64%
The Sun is around 330,000 times the mass of the Earth. True
64%
There are three theories of how the world will end. True
59%
Mercury is the hottest planet in the Solar System. False
42%
The Moon has a dark side. False
15%
No matching quizzes found
Score Distribution
Percent of People with Each Score
Percentile by Number Answered
Your Score History
You have not taken this quiz